000 00792cam a2200229 a 4500
001 741196
005 20180312090922.0
008 990311s2000 njuab b 001 0 eng
010 _a 99025188
020 _a0130831344
040 _aDLC
_cDLC
_dDLC
041 _aeng
080 _a363.7
082 0 0 _a363.7 NEB
_221
100 1 _a9
101 _aMJE
245 1 0 _aEnvironmental science :
_cBernard J. Nebel, Richard T. Wright.
504 _aIncludes bibliographical references (p. 615-628) and index.
906 _a7
_bcbc
_corignew
_d1
_eocip
_f19
_gy-gencatlg
942 _2ddc
_cBK
999 _c44761
_d44761